[Event "Russian Blitz Team Championship (m)"]
[Site "Sochi"]
[Date "2022.10.17"]
[Round "5.14"]
[White "Savchenko, Boris"]
[Black "Obgolts, Erik"]
[Result "1-0"]
[BlackElo "2407"]
[WhiteElo "2530"]
[LiveChessVersion "1.4.8"]

1. c4 Nf6 {[%clk 0:03:03]} 2. g3 {[%clk 0:03:03]} g6 {[%clk 0:03:04]} 3. Bg2
{[%clk 0:03:04]} Bg7 {[%clk 0:03:05]} 4. d4 {[%clk 0:03:05]} O-O {[%clk 0:03:05]}
5. Nf3 {[%clk 0:03:05]} d6 {[%clk 0:03:05]} 6. O-O {[%clk 0:03:06]} c6
{[%clk 0:03:06]} 7. Nc3 {[%clk 0:03:06]} Bf5 {[%clk 0:03:07]} 8. Ne1
{[%clk 0:03:03]} e5 {[%clk 0:03:04]} 9. d5 {[%clk 0:03:01]} cxd5 {[%clk 0:03:04]}
10. cxd5 {[%clk 0:03:01]} a5 {[%clk 0:03:05]} 11. e4 {[%clk 0:03:01]} Bd7
{[%clk 0:03:05]} 12. f4 {[%clk 0:02:54]} Ng4 {[%clk 0:02:45]} 13. Kh1
{[%clk 0:02:42]} exf4 {[%clk 0:02:31]} 14. Bxf4 {[%clk 0:02:35]} Ne5
{[%clk 0:02:22]} 15. Nd3 {[%clk 0:02:32]} Bg4 {[%clk 0:02:15]} 16. Qc2
{[%clk 0:02:30]} Nbd7 {[%clk 0:02:04]} 17. Nf2 {[%clk 0:02:30]} Qe7
{[%clk 0:01:40]} 18. h3 {[%clk 0:02:28]} Bf3 {[%clk 0:01:41]} 19. Rac1
{[%clk 0:01:58]} Bxg2+ {[%clk 0:01:39]} 20. Kxg2 {[%clk 0:01:58]} Rac8
{[%clk 0:01:36]} 21. a4 {[%clk 0:01:58]} Nc4 {[%clk 0:01:26]} 22. Qb3
{[%clk 0:01:56]} g5 {[%clk 0:01:05]} 23. Nb5 {[%clk 0:01:38]} gxf4
{[%clk 0:00:46]} 24. Rxc4 {[%clk 0:01:38]} Rxc4 {[%clk 0:00:46]} 25. Qxc4
{[%clk 0:01:39]} fxg3 {[%clk 0:00:43]} 26. Nd3 {[%clk 0:01:39]} Ne5
{[%clk 0:00:44]} 27. Nxe5 {[%clk 0:01:23]} Bxe5 {[%clk 0:00:43]} 28. Rf5
{[%clk 0:01:12]} Bxb2 {[%clk 0:00:32]} 29. Kxg3 {[%clk 0:01:12]} Be5+
{[%clk 0:00:33]} 30. Kg2 {[%clk 0:01:09]} Kh8 {[%clk 0:00:33]} 31. Kf1
{[%clk 0:01:09]} Qh4 {[%clk 0:00:31]} 32. Qd3 {[%clk 0:01:08]} Rc8
{[%clk 0:00:29]} 33. Ke2 {[%clk 0:00:37]} Rc1 {[%clk 0:00:26]} 34. Rf1
{[%clk 0:00:37]} Qh5+ {[%clk 0:00:21]} 35. Qf3 {[%clk 0:00:38]} Qxf3+
{[%clk 0:00:12]} 36. Rxf3 {[%clk 0:00:39]} Kg7 {[%clk 0:00:12]} 37. Na3
{[%clk 0:00:33]} Ra1 {[%clk 0:00:07]} 38. Rb3 {[%clk 0:00:33]} Bd4
{[%clk 0:00:05]} 39. Nc4 {[%clk 0:00:31]} Bc5 {[%clk 0:00:05]} 40. e5
{[%clk 0:00:25]} dxe5 {[%clk 0:00:05]} 41. d6 {[%clk 0:00:22]} Rxa4
{[%clk 0:00:05]} 42. d7 {[%clk 0:00:20]} Be7 {[%clk 0:00:06]} 43. Kd3
{[%clk 0:00:16]} e4+ {[%clk 0:00:04]} 44. Kd4 {[%clk 0:00:17]} Rb4
{[%clk 0:00:06]} 45. Rg3+ {[%clk 0:00:16]} Kf8 {[%clk 0:00:07]} 46. Kd5
{[%clk 0:00:16]} Rb5+ {[%clk 0:00:06]} 47. Kxe4 {[%clk 0:00:17]} Rb4
{[%clk 0:00:04]} 48. Kd5 {[%clk 0:00:18]} Rb5+ {[%clk 0:00:06]} 49. Ke4
{[%clk 0:00:19]} Bd8 {[%clk 0:00:05]} 50. Ne5 {[%clk 0:00:08]} Ke7
{[%clk 0:00:05]} 51. Rg8 {[%clk 0:00:09]} Rxe5+ {[%clk 0:00:04]} 52. Kxe5
{[%clk 0:00:10]} Kxd7 {[%clk 0:00:04]} 53. Rg7 {[%clk 0:00:10]} Ke7
{[%clk 0:00:03]} 54. Rxh7 b5 {[%clk 0:00:04]} 55. Rh6 {[%clk 0:00:11]} Bc7+
{[%clk 0:00:04]} 56. Kd5 {[%clk 0:00:12]} b4 {[%clk 0:00:03]} 57. Rc6
{[%clk 0:00:11]} Bf4 {[%clk 0:00:04]} 58. Ra6 {[%clk 0:00:10]} b3
{[%clk 0:00:03]} 59. Rxa5 {[%clk 0:00:11]} b2 {[%clk 0:00:04]} 60. Rb5
{[%clk 0:00:12]} Bc1 {[%clk 0:00:05]} 61. Ke5 {[%clk 0:00:13]} Kf8
{[%clk 0:00:04]} 62. Kf6 {[%clk 0:00:14]} Kg8 {[%clk 0:00:05]} 63. Rb3
{[%clk 0:00:11]} Kh7 {[%clk 0:00:05]} 64. Kxf7 {[%clk 0:00:11]} Kh6
{[%clk 0:00:06]} 65. Rb5 {[%clk 0:00:12]} 1-0

[Event "Russian Blitz Team Championship (m)"]
[Site "Sochi"]
[Date "2022.10.17"]
[Round "5.15"]
[White "Khubukshanov, Erdem"]
[Black "Iljiushenok, Ilia"]
[Result "1-0"]
[BlackElo "2467"]
[WhiteElo "2377"]
[LiveChessVersion "1.4.8"]

1. e4 {[%clk 0:03:03]} c5 {[%clk 0:03:02]} 2. Nf3 {[%clk 0:03:04]} d6
{[%clk 0:03:03]} 3. Bb5+ {[%clk 0:03:05]} Nd7 {[%clk 0:03:04]} 4. Ba4
{[%clk 0:03:06]} Ngf6 {[%clk 0:03:02]} 5. O-O {[%clk 0:03:06]} e6
{[%clk 0:03:01]} 6. Re1 {[%clk 0:03:06]} a6 {[%clk 0:02:49]} 7. c3
{[%clk 0:03:07]} b5 {[%clk 0:02:38]} 8. Bc2 {[%clk 0:03:08]} c4 {[%clk 0:02:19]}
9. d4 {[%clk 0:03:03]} cxd3 {[%clk 0:02:19]} 10. Qxd3 {[%clk 0:03:04]} Bb7
{[%clk 0:02:12]} 11. a4 {[%clk 0:02:56]} Nc5 {[%clk 0:02:06]} 12. Qe2
{[%clk 0:02:56]} bxa4 {[%clk 0:01:50]} 13. Rxa4 {[%clk 0:02:57]} Be7
{[%clk 0:01:40]} 14. Rd4 {[%clk 0:02:57]} Qc7 {[%clk 0:01:28]} 15. e5
{[%clk 0:02:56]} dxe5 {[%clk 0:01:25]} 16. Nxe5 {[%clk 0:02:57]} O-O
{[%clk 0:01:14]} 17. Bf4 {[%clk 0:02:57]} Qc8 {[%clk 0:00:59]} 18. Nd2
{[%clk 0:02:49]} a5 {[%clk 0:00:46]} 19. Ndc4 {[%clk 0:02:47]} Ra6
{[%clk 0:00:45]} 20. b4 {[%clk 0:02:42]} axb4 {[%clk 0:00:32]} 21. cxb4
{[%clk 0:02:43]} Ncd7 {[%clk 0:00:31]} 22. Nxd7 {[%clk 0:02:29]} Nxd7
{[%clk 0:00:32]} 23. b5 {[%clk 0:02:30]} Ra7 {[%clk 0:00:25]} 24. Nd6
{[%clk 0:02:01]} Bxd6 {[%clk 0:00:26]} 25. Bxd6 {[%clk 0:02:02]} Re8
{[%clk 0:00:23]} 26. Bxh7+ {[%clk 0:01:49]} Kxh7 {[%clk 0:00:20]} 27. Qh5+
{[%clk 0:01:50]} Kg8 {[%clk 0:00:21]} 28. Rh4 {[%clk 0:01:51]} f6
{[%clk 0:00:13]} 29. Qh7+ Kf7 30. Rg4 {[%clk 0:01:50]} e5 {[%clk 0:00:06]} 31.
Rxg7+ {[%clk 0:01:48]} Ke6 {[%clk 0:00:07]} 32. Bb4 {[%clk 0:01:48]} Nc5
{[%clk 0:00:04]} 33. Rc7 {[%clk 0:01:42]} Rg8 1-0

[Event "Russian Blitz Team Championship (m)"]
[Site "Sochi"]
[Date "2022.10.17"]
[Round "5.16"]
[White "Kabanov, Nikolai"]
[Black "Bocharov, Dmitry"]
[Result "0-1"]
[BlackElo "2484"]
[WhiteElo "2367"]
[LiveChessVersion "1.4.8"]

1. d4 {[%clk 0:03:02]} Nf6 {[%clk 0:03:03]} 2. Nf3 {[%clk 0:03:03]} e6
{[%clk 0:02:59]} 3. Nc3 {[%clk 0:03:02]} d5 {[%clk 0:02:57]} 4. Bf4
{[%clk 0:03:02]} a6 {[%clk 0:02:55]} 5. e3 {[%clk 0:03:00]} c5 {[%clk 0:02:51]}
6. Be2 {[%clk 0:02:56]} b5 {[%clk 0:02:47]} 7. a3 {[%clk 0:02:51]} Bb7
{[%clk 0:02:37]} 8. Ne5 {[%clk 0:02:50]} Nbd7 {[%clk 0:02:38]} 9. O-O
{[%clk 0:02:38]} Be7 {[%clk 0:02:38]} 10. Bf3 {[%clk 0:02:20]} O-O
{[%clk 0:02:27]} 11. g4 {[%clk 0:02:07]} Rc8 {[%clk 0:02:19]} 12. h3
{[%clk 0:01:52]} Nxe5 {[%clk 0:01:51]} 13. Bxe5 {[%clk 0:01:51]} Nd7
{[%clk 0:01:46]} 14. Bg3 {[%clk 0:01:44]} Nb6 {[%clk 0:01:45]} 15. Ne2
{[%clk 0:01:23]} Nc4 {[%clk 0:01:43]} 16. b3 {[%clk 0:01:18]} Nd6
{[%clk 0:01:43]} 17. a4 {[%clk 0:00:25]} b4 {[%clk 0:01:38]} 18. Bf4
{[%clk 0:00:13]} a5 {[%clk 0:01:37]} 19. Bg2 {[%clk 0:00:13]} Ba6
{[%clk 0:01:29]} 20. Re1 {[%clk 0:00:14]} Ne4 {[%clk 0:01:25]} 21. Bxe4
{[%clk 0:00:13]} dxe4 {[%clk 0:01:26]} 22. Ng3 {[%clk 0:00:12]} g5
{[%clk 0:01:20]} 23. Be5 {[%clk 0:00:09]} f6 {[%clk 0:01:19]} 24. Nxe4
{[%clk 0:00:05]} fxe5 {[%clk 0:01:14]} 25. dxe5 {[%clk 0:00:05]} Qd5
{[%clk 0:01:07]} 26. Qxd5 exd5 27. Ng3 0-1

[Event "Russian Blitz Team Championship (m)"]
[Site "Sochi"]
[Date "2022.10.17"]
[Round "6.1"]
[White "Afanasiev, Nikita"]
[Black "Kezin, Roman"]
[Result "1/2-1/2"]
[BlackElo "2503"]
[WhiteElo "2541"]
[LiveChessVersion "1.4.8"]

1. Nf3 {[%clk 0:03:02]} d5 {[%clk 0:03:04]} 2. g3 {[%clk 0:03:03]} Nf6
{[%clk 0:03:05]} 3. Bg2 {[%clk 0:03:04]} e6 {[%clk 0:03:07]} 4. O-O
{[%clk 0:03:04]} Be7 {[%clk 0:03:08]} 5. c4 {[%clk 0:03:05]} O-O {[%clk 0:03:04]}
6. b3 {[%clk 0:03:04]} d4 {[%clk 0:03:06]} 7. e3 {[%clk 0:03:05]} c5
{[%clk 0:03:07]} 8. exd4 {[%clk 0:03:06]} cxd4 {[%clk 0:03:08]} 9. Ba3
{[%clk 0:02:58]} Nc6 {[%clk 0:03:08]} 10. Re1 {[%clk 0:02:57]} Nd7
{[%clk 0:02:48]} 11. d3 {[%clk 0:02:52]} Re8 {[%clk 0:02:43]} 12. Bxe7
{[%clk 0:02:44]} Qxe7 {[%clk 0:02:43]} 13. a3 {[%clk 0:02:39]} a5
{[%clk 0:02:44]} 14. Nbd2 {[%clk 0:02:40]} e5 {[%clk 0:02:17]} 15. Qc2
{[%clk 0:02:33]} f6 {[%clk 0:01:41]} 16. Nh4 {[%clk 0:02:31]} g6 {[%clk 0:01:20]}
17. f4 {[%clk 0:02:15]} Nc5 {[%clk 0:00:53]} 18. Ne4 {[%clk 0:02:15]} Kg7
{[%clk 0:00:47]} 19. Nxc5 {[%clk 0:01:37]} Qxc5 {[%clk 0:00:48]} 20. Bd5
{[%clk 0:01:00]} Bd7 {[%clk 0:00:42]} 21. Ng2 {[%clk 0:00:29]} Rad8
{[%clk 0:00:39]} 22. Qd2 {[%clk 0:00:24]} b6 {[%clk 0:00:38]} 23. Reb1
{[%clk 0:00:23]} exf4 {[%clk 0:00:09]} 24. gxf4 {[%clk 0:00:20]} Ne7
{[%clk 0:00:08]} 25. b4 {[%clk 0:00:18]} axb4 {[%clk 0:00:10]} 26. axb4
{[%clk 0:00:19]} Qd6 {[%clk 0:00:11]} 27. Be4 {[%clk 0:00:18]} Bf5
{[%clk 0:00:05]} 28. Bf3 {[%clk 0:00:18]} Rd7 {[%clk 0:00:04]} 29. Ra6
{[%clk 0:00:18]} Qc7 {[%clk 0:00:04]} 30. Rba1 {[%clk 0:00:15]} Nc8
{[%clk 0:00:03]} 31. Ra8 {[%clk 0:00:11]} Rde7 {[%clk 0:00:04]} 32. Qf2
{[%clk 0:00:09]} Qd6 {[%clk 0:00:04]} 33. Rb1 {[%clk 0:00:08]} Na7
{[%clk 0:00:03]} 34. Rxe8 {[%clk 0:00:06]} Rxe8 {[%clk 0:00:05]} 35. Qd2
{[%clk 0:00:04]} Nc6 {[%clk 0:00:05]} 36. b5 {[%clk 0:00:05]} Na5
{[%clk 0:00:04]} 37. Re1 {[%clk 0:00:05]} Rxe1+ {[%clk 0:00:03]} 38. Nxe1
{[%clk 0:00:05]} Nb3 {[%clk 0:00:04]} 39. Qd1 {[%clk 0:00:06]} Nc5
{[%clk 0:00:03]} 40. Qd2 {[%clk 0:00:07]} Qe7 {[%clk 0:00:03]} 41. Kf2
{[%clk 0:00:08]} Qa7 {[%clk 0:00:04]} 42. Qb2 {[%clk 0:00:07]} Qa5
{[%clk 0:00:04]} 43. Qxd4 {[%clk 0:00:07]} Qd2+ {[%clk 0:00:04]} 44. Be2
{[%clk 0:00:08]} Nb3 {[%clk 0:00:03]} 45. Qe3 {[%clk 0:00:07]} Qc3
{[%clk 0:00:03]} 46. Nf3 {[%clk 0:00:07]} Bg4 {[%clk 0:00:03]} 47. d4
{[%clk 0:00:05]} Qb4 {[%clk 0:00:03]} 48. Kg3 {[%clk 0:00:06]} Bxf3
{[%clk 0:00:04]} 49. Kxf3 {[%clk 0:00:06]} Nd2+ {[%clk 0:00:04]} 50. Kf2
{[%clk 0:00:05]} Nxc4 {[%clk 0:00:04]} 51. Bxc4 {[%clk 0:00:06]} Qxc4
{[%clk 0:00:05]} 52. Qe7+ {[%clk 0:00:07]} Qf7 {[%clk 0:00:04]} 53. Qd6
{[%clk 0:00:08]} Qa2+ {[%clk 0:00:04]} 54. Kg3 {[%clk 0:00:07]} Qb3+
{[%clk 0:00:05]} 55. Kg2 {[%clk 0:00:08]} Qxb5 {[%clk 0:00:04]} 56. Qe7+
{[%clk 0:00:08]} Kh6 {[%clk 0:00:03]} 57. Qxf6 {[%clk 0:00:09]} Qd5+
{[%clk 0:00:04]} 58. Kg3 {[%clk 0:00:08]} b5 {[%clk 0:00:04]} 59. Qf8+
{[%clk 0:00:05]} Kh5 {[%clk 0:00:05]} 60. Qf6 {[%clk 0:00:05]} Kh6
{[%clk 0:00:05]} 61. Qf8+ {[%clk 0:00:03]} Kh5 {[%clk 0:00:07]} 62. Qf6
{[%clk 0:00:04]} Kh6 {[%clk 0:00:08]} 63. Qf8+ {[%clk 0:00:05]} Kh5
{[%clk 0:00:09]} 64. Qf6 {[%clk 0:00:06]} 1/2-1/2

[Event "Russian Blitz Team Championship (m)"]
[Site "Sochi"]
[Date "2022.10.17"]
[Round "6.2"]
[White "Obgolts, Erik"]
[Black "Tsydypov, Zhamsaran"]
[Result "1-0"]
[BlackElo "2598"]
[WhiteElo "2407"]
[LiveChessVersion "1.4.8"]

1. d4 {[%clk 0:03:02]} Nf6 {[%clk 0:03:02]} 2. Nf3 {[%clk 0:03:03]} c5
{[%clk 0:03:02]} 3. d5 {[%clk 0:03:04]} b5 {[%clk 0:03:02]} 4. Bg5
{[%clk 0:03:01]} Qb6 {[%clk 0:02:59]} 5. a4 {[%clk 0:03:01]} Ne4 {[%clk 0:02:56]}
6. Be3 {[%clk 0:02:14]} g6 {[%clk 0:02:49]} 7. Nbd2 {[%clk 0:02:06]} Nf6
{[%clk 0:02:42]} 8. axb5 {[%clk 0:02:04]} Qxb5 {[%clk 0:02:14]} 9. c4
{[%clk 0:01:57]} Qb6 {[%clk 0:02:11]} 10. b4 {[%clk 0:01:28]} Qxb4
{[%clk 0:02:06]} 11. Rb1 {[%clk 0:01:29]} Qa5 {[%clk 0:02:05]} 12. Rb5
{[%clk 0:01:30]} Qd8 {[%clk 0:01:45]} 13. Bxc5 {[%clk 0:01:25]} d6
{[%clk 0:01:44]} 14. Bd4 {[%clk 0:01:26]} Bg7 {[%clk 0:01:45]} 15. e3
{[%clk 0:01:27]} O-O {[%clk 0:01:45]} 16. Be2 {[%clk 0:01:26]} Nbd7
{[%clk 0:01:37]} 17. Qa1 {[%clk 0:01:24]} a6 18. Rb1 {[%clk 0:01:20]} Nc5
{[%clk 0:01:36]} 19. O-O {[%clk 0:01:20]} Bf5 {[%clk 0:01:37]} 20. Rb2
{[%clk 0:01:08]} Qc7 {[%clk 0:01:38]} 21. Qa3 {[%clk 0:00:57]} Rfc8
{[%clk 0:01:11]} 22. h3 {[%clk 0:00:58]} a5 {[%clk 0:01:05]} 23. Rb5
{[%clk 0:00:51]} a4 {[%clk 0:01:05]} 24. Ra1 {[%clk 0:00:38]} Bd7
{[%clk 0:00:56]} 25. Rbb1 {[%clk 0:00:37]} Rcb8 {[%clk 0:00:56]} 26. Rxb8+
{[%clk 0:00:25]} Rxb8 {[%clk 0:00:57]} 27. Rb1 {[%clk 0:00:26]} Ra8
{[%clk 0:00:58]} 28. Bd1 {[%clk 0:00:16]} Qa5 {[%clk 0:00:57]} 29. Bc3
{[%clk 0:00:16]} Qa6 {[%clk 0:00:58]} 30. Bd4 {[%clk 0:00:16]} Bf5
{[%clk 0:00:55]} 31. Rb5 {[%clk 0:00:16]} Nfd7 {[%clk 0:00:44]} 32. Bxg7
{[%clk 0:00:16]} Kxg7 {[%clk 0:00:45]} 33. Nd4 {[%clk 0:00:17]} Bd3
{[%clk 0:00:44]} 34. Nc6 {[%clk 0:00:14]} Re8 {[%clk 0:00:26]} 35. Nb4
{[%clk 0:00:15]} Qxb5 {[%clk 0:00:18]} 36. cxb5 {[%clk 0:00:15]} Bxb5
{[%clk 0:00:19]} 37. Nc6 {[%clk 0:00:14]} Nf6 {[%clk 0:00:19]} 38. e4
{[%clk 0:00:12]} e6 {[%clk 0:00:14]} 39. Bf3 {[%clk 0:00:11]} exd5
{[%clk 0:00:15]} 40. exd5 Re1+ {[%clk 0:00:16]} 41. Kh2 {[%clk 0:00:13]} Bd3
{[%clk 0:00:13]} 42. Qc3 {[%clk 0:00:12]} Bb5 {[%clk 0:00:06]} 43. Nc4
{[%clk 0:00:12]} Bxc4 {[%clk 0:00:07]} 44. Qxe1 {[%clk 0:00:13]} a3
{[%clk 0:00:06]} 45. Qc3 {[%clk 0:00:12]} a2 {[%clk 0:00:07]} 46. Nb4
{[%clk 0:00:13]} Na4 {[%clk 0:00:03]} 47. Qa1 {[%clk 0:00:14]} 1-0

[Event "Russian Blitz Team Championship (m)"]
[Site "Sochi"]
[Date "2022.10.17"]
[Round "6.3"]
[White "Moiseenko, Vadim"]
[Black "Khubukshanov, Erdem"]
[Result "0-1"]
[BlackElo "2377"]
[WhiteElo "2492"]
[LiveChessVersion "1.4.8"]

1. Nf3 {[%clk 0:03:03]} d5 {[%clk 0:03:03]} 2. c4 {[%clk 0:03:04]} d4
{[%clk 0:03:02]} 3. b4 {[%clk 0:03:05]} f6 {[%clk 0:03:03]} 4. e3
{[%clk 0:03:01]} e5 {[%clk 0:03:03]} 5. c5 {[%clk 0:03:00]} a5 {[%clk 0:03:03]}
6. Qb3 {[%clk 0:02:51]} axb4 {[%clk 0:02:58]} 7. Bc4 {[%clk 0:02:51]} Nh6
{[%clk 0:02:58]} 8. exd4 {[%clk 0:02:45]} e4 {[%clk 0:02:58]} 9. Qe3
{[%clk 0:02:33]} Qe7 {[%clk 0:02:58]} 10. Ng1 {[%clk 0:02:19]} Nf5
{[%clk 0:02:59]} 11. Qb3 {[%clk 0:01:33]} Nxd4 {[%clk 0:02:58]} 12. Qb2
{[%clk 0:01:30]} Qxc5 {[%clk 0:02:58]} 13. d3 {[%clk 0:01:32]} exd3
{[%clk 0:02:28]} 14. Bxd3 {[%clk 0:01:30]} Nbc6 {[%clk 0:02:21]} 15. Be3
{[%clk 0:01:27]} Bd6 {[%clk 0:02:10]} 16. Nd2 {[%clk 0:01:12]} Be5
{[%clk 0:01:59]} 17. Qb1 {[%clk 0:01:00]} Qc3 {[%clk 0:01:55]} 18. f4
{[%clk 0:00:46]} Nc2+ {[%clk 0:01:41]} 19. Qxc2 {[%clk 0:00:37]} Qxc2
{[%clk 0:01:42]} 20. Bxc2 {[%clk 0:00:36]} Bxa1 {[%clk 0:01:43]} 21. Bb3
{[%clk 0:00:29]} Na5 {[%clk 0:01:38]} 22. Ba4+ {[%clk 0:00:27]} Bd7
{[%clk 0:01:39]} 23. Bc2 {[%clk 0:00:23]} Be6 {[%clk 0:01:38]} 24. Ngf3
{[%clk 0:00:22]} O-O {[%clk 0:01:35]} 25. Kf2 {[%clk 0:00:23]} Bc3
{[%clk 0:01:35]} 26. Ne4 {[%clk 0:00:24]} Bxa2 {[%clk 0:01:32]} 27. Nxc3
{[%clk 0:00:19]} bxc3 {[%clk 0:01:33]} 28. Bd4 {[%clk 0:00:20]} Nc6
{[%clk 0:01:33]} 29. Bxc3 {[%clk 0:00:20]} Bd5 {[%clk 0:01:34]} 30. Kg3
{[%clk 0:00:07]} Ra3 {[%clk 0:01:31]} 31. Bd2 {[%clk 0:00:04]} Nd4
{[%clk 0:01:31]} 32. Bd1 {[%clk 0:00:05]} Rd3 {[%clk 0:01:29]} 33. Bb4
{[%clk 0:00:06]} Re8 {[%clk 0:01:27]} 34. Rf1 {[%clk 0:00:06]} Bb3
{[%clk 0:01:22]} 35. Bxb3+ {[%clk 0:00:06]} Nxb3 {[%clk 0:01:23]} 36. Kg4
{[%clk 0:00:04]} c5 {[%clk 0:01:17]} 37. Ba3 {[%clk 0:00:04]} b5 {[%clk 0:01:17]}
38. Rb1 {[%clk 0:00:05]} b4 {[%clk 0:01:17]} 39. Bb2 {[%clk 0:00:06]} c4
{[%clk 0:01:18]} 40. Rf1 {[%clk 0:00:04]} Re2 {[%clk 0:01:18]} 41. Bc1 Rxg2+
{[%clk 0:01:18]} 42. Kf5 {[%clk 0:00:05]} Kf7 {[%clk 0:01:17]} 43. Re1
{[%clk 0:00:05]} g6+ 44. Ke4 Nc5# {[%clk 0:01:19]} 45. Kd4 0-1

[Event "Russian Blitz Team Championship (m)"]
[Site "Sochi"]
[Date "2022.10.17"]
[Round "6.4"]
[White "Bocharov, Dmitry"]
[Black "Rozum, Ivan"]
[Result "1-0"]
[BlackElo "2428"]
[WhiteElo "2484"]
[LiveChessVersion "1.4.8"]

1. d4 {[%clk 0:03:02]} Nf6 {[%clk 0:03:03]} 2. Nf3 {[%clk 0:03:03]} e6
{[%clk 0:03:04]} 3. Bf4 {[%clk 0:03:03]} d5 {[%clk 0:03:02]} 4. e3
{[%clk 0:03:04]} c5 {[%clk 0:03:03]} 5. c3 {[%clk 0:03:04]} Bd6 {[%clk 0:03:02]}
6. Bg3 {[%clk 0:03:05]} O-O {[%clk 0:02:57]} 7. Nbd2 {[%clk 0:03:05]} Qc7
{[%clk 0:02:58]} 8. dxc5 {[%clk 0:03:01]} Qxc5 {[%clk 0:02:50]} 9. Bd3
{[%clk 0:03:00]} b6 {[%clk 0:02:39]} 10. e4 {[%clk 0:02:39]} Bxg3
{[%clk 0:02:13]} 11. hxg3 {[%clk 0:02:40]} e5 {[%clk 0:02:07]} 12. Qe2
{[%clk 0:02:11]} Re8 {[%clk 0:01:20]} 13. O-O {[%clk 0:01:22]} Bb7
{[%clk 0:01:18]} 14. Rfe1 {[%clk 0:01:22]} Nbd7 {[%clk 0:01:16]} 15. Rad1
{[%clk 0:01:22]} Rad8 {[%clk 0:01:15]} 16. Bb1 {[%clk 0:01:20]} Qc7
{[%clk 0:01:14]} 17. exd5 {[%clk 0:01:14]} Bxd5 {[%clk 0:01:14]} 18. Ne4
{[%clk 0:01:06]} Bxe4 {[%clk 0:00:47]} 19. Bxe4 {[%clk 0:01:07]} Nxe4
{[%clk 0:00:44]} 20. Qxe4 {[%clk 0:01:06]} Nf6 {[%clk 0:00:39]} 21. Qe3
{[%clk 0:00:55]} Nd5 {[%clk 0:00:32]} 22. Qg5 {[%clk 0:00:51]} f6
{[%clk 0:00:32]} 23. Qf5 {[%clk 0:00:51]} Qf7 {[%clk 0:00:24]} 24. Nh4
{[%clk 0:00:44]} Ne7 {[%clk 0:00:24]} 25. Qb1 {[%clk 0:00:45]} Qe6
{[%clk 0:00:25]} 26. b3 {[%clk 0:00:38]} g6 {[%clk 0:00:26]} 27. Nf3
{[%clk 0:00:38]} Nc6 {[%clk 0:00:26]} 28. Nd2 {[%clk 0:00:35]} f5
{[%clk 0:00:27]} 29. Nc4 {[%clk 0:00:36]} e4 {[%clk 0:00:28]} 30. Rxd8
{[%clk 0:00:36]} Rxd8 {[%clk 0:00:29]} 31. Rd1 {[%clk 0:00:37]} Rd5
{[%clk 0:00:28]} 32. Ne3 {[%clk 0:00:36]} Rd6 {[%clk 0:00:28]} 33. c4
{[%clk 0:00:32]} Ne7 {[%clk 0:00:18]} 34. Qc2 {[%clk 0:00:30]} Qd7
{[%clk 0:00:19]} 35. Rxd6 {[%clk 0:00:29]} Qxd6 {[%clk 0:00:20]} 36. Qc3
{[%clk 0:00:29]} Nc6 {[%clk 0:00:16]} 37. Nd5 {[%clk 0:00:29]} Qe5
{[%clk 0:00:17]} 38. Qd2 {[%clk 0:00:30]} Ne7 {[%clk 0:00:16]} 39. Nf4
{[%clk 0:00:28]} Kf7 {[%clk 0:00:17]} 40. Qd7 {[%clk 0:00:28]} g5
{[%clk 0:00:16]} 41. Nd5 {[%clk 0:00:28]} Qe6 {[%clk 0:00:17]} 42. Qxa7
{[%clk 0:00:27]} Kf8 {[%clk 0:00:13]} 43. Qxe7+ {[%clk 0:00:26]} Qxe7
{[%clk 0:00:14]} 44. Nxe7 {[%clk 0:00:27]} Kxe7 {[%clk 0:00:15]} 45. f3
{[%clk 0:00:26]} exf3 {[%clk 0:00:11]} 46. gxf3 {[%clk 0:00:27]} h5
{[%clk 0:00:12]} 47. b4 {[%clk 0:00:28]} Kd6 {[%clk 0:00:13]} 48. Kf2
{[%clk 0:00:29]} Ke5 {[%clk 0:00:14]} 49. a4 {[%clk 0:00:29]} Kd4
{[%clk 0:00:13]} 50. a5 {[%clk 0:00:29]} bxa5 {[%clk 0:00:14]} 51. bxa5
{[%clk 0:00:29]} Kc5 {[%clk 0:00:16]} 52. Ke3 {[%clk 0:00:30]} Kc6
{[%clk 0:00:13]} 53. Kd4 {[%clk 0:00:22]} Kb7 {[%clk 0:00:11]} 54. c5
{[%clk 0:00:21]} Kc6 {[%clk 0:00:11]} 55. a6 {[%clk 0:00:19]} Kc7
{[%clk 0:00:13]} 56. Kd3 {[%clk 0:00:13]} Kc6 {[%clk 0:00:14]} 57. Ke3
{[%clk 0:00:13]} Kc7 {[%clk 0:00:13]} 58. Kd3 {[%clk 0:00:10]} Kc6
{[%clk 0:00:14]} 59. Kd4 {[%clk 0:00:10]} Kc7 {[%clk 0:00:15]} 60. Ke3
{[%clk 0:00:11]} Kc6 {[%clk 0:00:16]} 61. Kf2 {[%clk 0:00:12]} Kc7
{[%clk 0:00:16]} 62. Kg2 {[%clk 0:00:14]} Kc6 {[%clk 0:00:13]} 63. Kh3
{[%clk 0:00:15]} Kc7 {[%clk 0:00:08]} 64. f4 {[%clk 0:00:16]} 1-0

[Event "Russian Blitz Team Championship (m)"]
[Site "Sochi"]
[Date "2022.10.17"]
[Round "6.5"]
[White "Artemiev, Vladislav"]
[Black "Grachev, Boris"]
[Result "1/2-1/2"]
[BlackElo "2565"]
[WhiteElo "2832"]
[LiveChessVersion "1.4.8"]

1. c4 {[%clk 0:03:02]} e6 {[%clk 0:03:04]} 2. g3 {[%clk 0:02:57]} d5
{[%clk 0:03:05]} 3. Bg2 {[%clk 0:02:58]} Nf6 {[%clk 0:03:06]} 4. Nf3
{[%clk 0:02:59]} dxc4 {[%clk 0:03:07]} 5. Qa4+ {[%clk 0:02:59]} Bd7
{[%clk 0:03:08]} 6. Qxc4 {[%clk 0:02:59]} c5 {[%clk 0:03:10]} 7. d4
{[%clk 0:02:56]} Bc6 {[%clk 0:02:44]} 8. dxc5 {[%clk 0:02:56]} Nbd7
{[%clk 0:02:46]} 9. Be3 {[%clk 0:02:56]} Rc8 {[%clk 0:02:34]} 10. Nc3
{[%clk 0:01:56]} Bxc5 {[%clk 0:02:09]} 11. Bxc5 {[%clk 0:01:53]} Nxc5
{[%clk 0:02:08]} 12. Qxc5 {[%clk 0:01:38]} Bxf3 {[%clk 0:02:08]} 13. Qb5+
{[%clk 0:01:39]} Bc6 {[%clk 0:02:09]} 14. Bxc6+ bxc6 {[%clk 0:02:10]} 15. Qc4
{[%clk 0:01:38]} O-O {[%clk 0:02:02]} 16. O-O {[%clk 0:01:39]} c5
{[%clk 0:01:53]} 17. Rac1 {[%clk 0:01:36]} Qd4 {[%clk 0:01:29]} 18. Na4
{[%clk 0:01:16]} Ne4 {[%clk 0:01:29]} 19. Qxd4 {[%clk 0:00:45]} cxd4
{[%clk 0:01:30]} 20. Rfd1 {[%clk 0:00:46]} e5 {[%clk 0:01:22]} 21. Kf1
{[%clk 0:00:40]} f6 {[%clk 0:01:11]} 22. e3 {[%clk 0:00:11]} dxe3
{[%clk 0:00:40]} 23. fxe3 {[%clk 0:00:12]} h5 {[%clk 0:00:41]} 24. Ke2
{[%clk 0:00:11]} Kh7 {[%clk 0:00:38]} 25. Kf3 {[%clk 0:00:07]} Ng5+
{[%clk 0:00:38]} 26. Ke2 {[%clk 0:00:09]} Ne4 {[%clk 0:00:40]} 27. Kf3
{[%clk 0:00:05]} Ng5+ {[%clk 0:00:24]} 28. Ke2 {[%clk 0:00:06]} Ne4
{[%clk 0:00:25]} 29. Kf3 {[%clk 0:00:05]} Ng5+ {[%clk 0:00:09]} 30. Ke2
{[%clk 0:00:06]} Ne4 {[%clk 0:00:11]} 31. Kf3 {[%clk 0:00:08]} 1/2-1/2